000 00591nam a2200229Ia 4500
003 OSt
005 20220918183751.0
006 a|||||r|||| 00| 0
007 ta
008 220917b |||||||| |||| 00| 0 eng d
024 _a40,702
037 _cTextual
040 _aARTS
_cARTS
_beng
041 _2eng
_aeng
082 _aO15:g, 111J4 (EPS)
100 _aHiriyanna M
245 0 _aSanskrit studies
260 _aMysore
_bKavyalaya
_c1954
650 _aENGLISH LITERATURE
942 _hO15:g, 111J4 (EPS)
_cTEXL
_2CC
999 _c173730
_d173730